000 01010nam a22001937a 4500
008 111124t xxu||||| |||| 00| 0 eng d
020 _a0071123229
050 _aHB171.5.M47
100 _aMcConnell, Campbell R.
245 _aEconomics: principles, problems, and policies /
_cCampbell R. McConnell and Stanley L. Brue
250 _a15th ed.
260 _aBoston:
_bMcGraw-Hill,
_cc2002.
300 _axxx, 793 + various pagings.:
_bill. (some col.)
_c25cm.
500 _aIncludes index.
505 _aContents: An Introduction to economics and the economy -- National income, employment, and fiscal policy -- Money, banking, and monetary policy -- Long-run perspectives and macroeconomic debates -- Microeconomics of product markets -- Microeconomics of resource markets -- Microeconomics of government -- Microeconomic issues and policies -- International economics and the world economy -- Transition economies: Russia and China.
650 _aEconomics.
700 _aBrue, Stanley L.
942 _2lcc
_cBK
999 _c301
_d7801